Niektoré aspekty konania pred Národnou bankou Slovenska
Zákon o bankách č. 483/2001 Z.z. zakotvil špecifický druh právnej procedúry, ktorá je potrebná pri všetkých druhoch konaní pred Národnou bankou Slovenska. Ide o konania vo veciach týkajúcich sa samotného zakladania bánk, hypotekárnych obchodov, problémov súvisiacich s bankovým tajomstvom a v mnohých...
Salvato in:
| Autore principale: | |
|---|---|
| Natura: | Capitolo di libro |
| Lingua: | slovacco |
| Soggetti: | |
| Tags: |
Nessun Tag, puoi essere il primo ad aggiungerne!!
|
MARC
| LEADER | 00000naa a2200000 4500 | ||
|---|---|---|---|
| 001 | r046922 | ||
| 005 | 20230927070923.3 | ||
| 041 | 0 | |a slo | |
| 044 | |a SK | ||
| 245 | 1 | 0 | |a Niektoré aspekty konania pred Národnou bankou Slovenska |c Ladislav Balko |
| 520 | |a Zákon o bankách č. 483/2001 Z.z. zakotvil špecifický druh právnej procedúry, ktorá je potrebná pri všetkých druhoch konaní pred Národnou bankou Slovenska. Ide o konania vo veciach týkajúcich sa samotného zakladania bánk, hypotekárnych obchodov, problémov súvisiacich s bankovým tajomstvom a v mnohých ďalších prípadoch. | ||
| 610 | 2 | 0 | |a banky centrálne |
| 610 | 2 | 0 | |a zákony |
| 610 | 2 | 0 | |a Slovensko |
| 610 | 2 | 0 | |a NBS Bratislava |
| 100 | 1 | |a Balko, Ladislav | |